Visualizzazione normale
Vista MARC
- Berlusconi
di Personal Name
Records bibliografici associati: 1
001 - CONTROL NUMBER
- control field: 6542
003 - CONTROL NUMBER IDENTIFIER
- control field: IT-RoPau
005 - DATE AND TIME OF LATEST TRANSACTION
- control field: 20131220152500.0
008 - FIXED-LENGTH DATA ELEMENTS
- fixed length control field: 131220|| aca||aabn | a|a d
040 ## - CATALOGING SOURCE
- Original cataloging agency: IT-RoPau
- Transcribing agency: IT-RoPau
100 ## - HEADING--PERSONAL NAME
- Personal name: Berlusconi
- Dates associated with a name: Codice autore musica SPICS: 26015
- Relator term: Autore musica
- Name of part/section of a work: Serenata a dispetto - Buona sera - Organino paesano - Polka paesana - Agilmente
670 ## - SOURCE DATA FOUND
- Source citation: Work cat.: (IT-RoPau)102369: AA.VV. 794, Autentico ballo liscio N.1 (L') - Lp Ox/3011